Guess the Taylor Swift Song by the Lyrics #15 - Statistics

General Stats
  • This quiz has been taken 55 times
  • The average score is 130 of 229
Answer Stats
LYRICS % Correct
I
98%
you
98%
a
96%
be
91%
the
91%
The
91%
me
89%
And
85%
and
85%
It
85%
it
85%
your
85%
Your
85%
in
78%
like
78%
that
78%
That
78%
It's
76%
it's
76%
to
76%
I'm
74%
my
74%
so
74%
know
72%
of
72%
all
70%
been
70%
time
70%
But
67%
can
65%
long
65%
now
61%
just
59%
out
59%
don't
57%
Don't
57%
down
52%
right
43%
would
43%
got
41%
with
41%
life
39%
need
39%
Some
39%
Yes
39%
feel
37%
friends
37%
over
37%
doing
35%
Looks
35%
wasn't
35%
deep
33%
treat
33%
went
33%
better
30%
cut
30%
fine
30%
letter
30%
way
30%
bone
28%
Closure
28%
closure
28%
new
28%
put
28%
Still
28%
needs
26%
Guilty
24%
guilty
24%
handled
24%
nice
24%
sea
24%
seeing
24%
situation
24%
between
22%
name
22%
pain
22%
ya
22%
across
20%
candles
20%
iron
20%
shape
20%
unnecessary
20%
wrinkle
20%
beers
17%
fake
17%
reaching
17%
smoothing
17%
spells
17%
spite
17%
Staying
17%
tears
17%
oh-so
9%
No matching quizzes found
Score Distribution
Percent of People with Each Score
Percentile by Number Answered
Your Score History
You have not taken this quiz